ARRUPE JESUIT UNIVERSITY

CORONAVIRUS -STOP THE SPREAD - CLEAN,DISINFECT,COVER

Bibliorum sacrorum iuxta Vulgatam Clementinam nova editio : (Record no. 118315)

MARC details
000 -LEADER
fixed length control field 00784cam a2200205 a 4500
001 - CONTROL NUMBER
control field 2036244
003 - CONTROL NUMBER IDENTIFIER
control field ARRUPE
005 - DATE AND TIME OF LATEST TRANSACTION
control field 20131010141624.0
008 - FIXED-LENGTH DATA ELEMENTS--GENERAL INFORMATION
fixed length control field 850726s1959 it 000 0 lat d
035 ## - SYSTEM CONTROL NUMBER
System control number (OCoLC)ocm12311000
040 ## - CATALOGING SOURCE
Original cataloging agency MNZ
Transcribing agency MNZ
Modifying agency OCL
-- ZCU
050 ## - LIBRARY OF CONGRESS CALL NUMBER
Classification number REF BS75 1959
300 ## - PHYSICAL DESCRIPTION
Dimensions 22 cm.
130 0# - MAIN ENTRY--UNIFORM TITLE
Uniform title Bible.
Language of a work Latin.
Version Vulgate.
Date of a work 1959.
9 (RLIN) 2404
245 10 - TITLE STATEMENT
Title Bibliorum sacrorum iuxta Vulgatam Clementinam nova editio :
Remainder of title breviario perpetuo et concordantiis aucta adnotatis etiam locis qui in monumentis fidei sollemnioribus et in liturgia romana usurpari consueverunt /
Statement of responsibility, etc curavit Aloisius Gramatica.
260 ## - PUBLICATION, DISTRIBUTION, ETC. (IMPRINT)
Place of publication, distribution, etc [Rome] :
Name of publisher, distributor, etc Typis Polyglottis Vaticanis,
Date of publication, distribution, etc 1959.
300 ## - PHYSICAL DESCRIPTION
Extent 1186 ;
700 1# - ADDED ENTRY--PERSONAL NAME
Personal name Gramatica, Luigi,
Dates associated with a name 1865-1935.
9 (RLIN) 2405
942 ## - ADDED ENTRY ELEMENTS (KOHA)
Source of classification or shelving scheme Library of Congress Classification
Koha item type Monograph ( Printed materials)
Holdings
Withdrawn status Lost status Source of classification or shelving scheme Damaged status Not for loan Home library Current library Shelving location Date acquired Total Checkouts Full call number Barcode Date last seen Price effective from Koha item type
    Library of Congress Classification     ARRUPE LIBRARY ARRUPE LIBRARY Main Collection 10/10/2013   REF BS75 1959 46411033 10/10/2013 10/10/2013 Monograph ( Printed materials)

 

Arrupe Library. PO Box MP320 Mt Pleasant, Harare, Zimbabwe
263 242 745411|librarian@aju.ac.zw